000
00303nam a22001337a 4500
008
181017b xxu||||| |||| 00| 0 eng d
020
_a
9780765703545
041
_a
eng
080
_a
331.101
100
_a
52
101
_a
BNJ
245
_a
Behavioral Management Guide
_c
Warren,M.P
942
_2
udc
_c
BK
999
_c
50043
_d
50043